Entertaining Middle A Quiz Stats

 Plays Quiz Updated Jul 17, 2019

Score 0/22 Timer 03:00
1 Play Today
Hint _ _ A _ _ % Correct
Emmy or OscarAward
97.2%
The Matrix actor: _____ ReevesKeanu
94.4%
_____ It to BeaverLeave
91.7%
Pearl Krabs or Moby DickWhale
89.8%
The Wonder _____Years
88.3%
'I Am Bolt' athletic star Usain
86.7%
Lady's canine partnerTramp
86.6%
Kruger or KeatonDiane
85.9%
Speedy D.C. Comics characterFlash
84.5%
London Calling group: The _____Clash
76.7%
_____ Player OneReady
76.4%
Hint _ _ A _ _ % Correct
Sophia Loren birthplaceItaly
75.3%
Mario princessPeach
69.8%
Wesley Snipes vampire movieBlade
69.1%
Walt Disney movieMoana
65.5%
Ann Wilson and Nancy Wilson bandHeart
62.2%
About Schmidt U.S. cityOmaha
59.1%
Harlow and Claude Van DammeJeans
56.8%
James Dean movieGiant
44.9%
Richard Roundtree detectiveShaft
39.6%
Faith: I'll Be Missing You singerEvans
37.4%
1996 first-person shooterQuake
34.5%

You're not logged in!

Compare scores with friends on all Sporcle quizzes.
OR
Log In

Sporcle TV

Today on Sporcle TV


Watch our educational content, quiz creation guides, and fun videos on Sporcle TV.

Show Comments

Extras

Top Quizzes Today


Score Distribution

Your Account Isn't Verified!

In order to create a playlist on Sporcle, you need to verify the email address you used during registration. Go to your Sporcle Settings to finish the process.

Report this User

Report this user for behavior that violates our Community Guidelines.

Details: